Manual de primeros auxilios de urgencia: para uso de socorristas en casos de intoxicación por productos químicos industriales no farmacéuticos
Guardat en:
| Autor principal: | |
|---|---|
| Format: | Llibre |
| Idioma: | espanyol |
| Publicat: |
Barcelona, España
Científico-Médica
1977
|
| Matèries: | |
| Etiquetes: |
Afegir etiqueta
Sense etiquetes, Sigues el primer a etiquetar aquest registre!
|
MARC
| LEADER | 00000nam a2200000 a 4500 | ||
|---|---|---|---|
| 001 | UCM5317 | ||
| 003 | CL-VaPUC | ||
| 005 | 20240906111733.0 | ||
| 008 | 021003e19770000SP |||||||||||||||||spa|d | ||
| 999 | |c 301451 |d 301449 | ||
| 040 | |c Pontificia Universidad Católica de Valparaíso | ||
| 082 | 0 | 4 | |a 616.0252 LEF 1977 |2 21 |
| 100 | 0 | |a Lefèvre, Marc-J |e autor |9 471571 | |
| 245 | 1 | 0 | |a Manual de primeros auxilios de urgencia: para uso de socorristas en casos de intoxicación por productos químicos industriales no farmacéuticos |
| 260 | 0 | 3 | |a Barcelona, España |b Científico-Médica |c 1977 |
| 300 | |a 219 páginas | ||
| 583 | |a last modification |c 20021003 00:00:00 |k Rodrigo Vera | ||
| 650 | 0 | |a Primeros auxilios |9 308210 | |
| 650 | 0 | |a Atención médica |9 337119 | |
| 650 | 0 | |a Medidas de seguridad |9 264085 | |
| 650 | 0 | |a Accidentes |9 351162 | |
| 942 | |c BK |2 ddc | ||
| 945 | |d 20021003 00:00:00 |a cmena | ||